[Event "Thursday Afternoon Rapid Engine Fini To"]
[Site "?"]
[Date "2014.10.23"]
[Round "6"]
[White "ocirema"]
[Black "zor"]
[Result "1-0"]
[WhiteElo "2518"]
[BlackElo "2569"]
[PlyCount "193"]
[EventDate "2014.??.??"]
[SourceTitle "OM Portal C 201906"]
[Source "Opening Master"]
[SourceDate "2019.06.27"]
[SourceVersion "1"]
[SourceVersionDate "2019.06.27"]
[SourceQuality "1"]

1. e4 e5 2. Nf3 Nc6 3. c3 d5 4. Qa4 f6 5. d3 Bc5 6. b4 Bf8 7. Nbd2 dxe4 8. Nxe4
f5 9. Ned2 Bd6 10. b5 Nce7 11. Nc4 Nd5 12. Qb3 Qe7 13. Be2 Nb6 14. Nxd6+ cxd6
15. O-O Nh6 16. a4 Be6 17. c4 O-O 18. d4 e4 19. Bg5 Qf7 20. Nd2 f4 21. Nxe4
Bxc4 22. Bxc4 Nxc4 23. Bxf4 Nf5 24. Rfe1 Rae8 25. Rac1 d5 26. Ng5 Qg6 27. Qf3
Nb6 28. Rxe8 Rxe8 29. Qd1 Nc4 30. Nf3 Qg4 31. Be5 Qg6 32. Ne1 a6 33. bxa6 bxa6
34. g3 Rf8 35. Nd3 Nh4 36. Bf4 Rc8 37. h3 Rf8 38. Rc2 Re8 39. Rc3 h6 40. Be5
Nf5 41. Rb3 Qc6 42. Qg4 Rf8 43. Rb8 Rxb8 44. Bxb8 Ne7 45. Nf4 Kf7 46. h4 Qb6
47. Be5 g6 48. Kg2 Qc6 49. Qf3 Nd2 50. Qd1 Nc4 51. Nd3 Ke8 52. g4 g5 53. hxg5
hxg5 54. Qh1 Qg6 55. Nc5 a5 56. Kg3 Kf7 57. Qf3+ Ke8 58. Qf6 Qxf6 59. Bxf6 Nc6
60. Nb3 Nd6 61. f3 Nf7 62. Nc5 Nd6 63. Bxg5 Nxd4 64. Be3 Nc2 65. Bf2 Nc4 66. f4
d4 67. Kf3 Nb2 68. Ke4 d3 69. Nxd3 Nxa4 70. Ne5 Nc3+ 71. Kd3 Nd5 72. Kxc2 Nxf4
73. Be1 Nd5 74. Bxa5 Ke7 75. Kd3 Ke6 76. Nf3 Nf6 77. g5 Nd7 78. Ke4 Nc5+ 79.
Kf4 Nd3+ 80. Ke3 Nb2 81. Ke4 Nc4 82. Bb4 Nb2 83. Nd4+ Kf7 84. Kf5 Kg7 85. Be7
Nc4 86. Bf6+ Kg8 87. g6 Ne3+ 88. Ke6 Ng2 89. Ke5 Nh4 90. Bxh4 Kg7 91. Kf5 Kf8
92. Bf6 Kg8 93. Ke6 Kf8 94. Nf5 Kg8 95. Nh6+ Kf8 96. g7+ Ke8 97. g8=Q# 1-0

[Event "Thursday Night FIni tour 3+1 11 Rounds"]
[Site "?"]
[Date "2014.10.23"]
[Round "5"]
[White "ocirema"]
[Black "VodkaMaster21"]
[Result "1/2-1/2"]
[WhiteElo "2521"]
[BlackElo "2582"]
[PlyCount "108"]
[EventDate "2014.??.??"]
[SourceTitle "OM Portal C 201906"]
[Source "Opening Master"]
[SourceDate "2019.06.27"]
[SourceVersion "1"]
[SourceVersionDate "2019.06.27"]
[SourceQuality "1"]

1. e4 e5 2. Nf3 Nc6 3. c3 d5 4. Qa4 f6 5. d3 Be6 6. Be2 Nge7 7. O-O a6 8. Be3
Qd7 9. Nbd2 O-O-O 10. Nb3 Nb8 11. Qxd7+ Nxd7 12. Nfd2 Bf7 13. Rad1 h5 14. d4
exd4 15. Bxd4 dxe4 16. Nxe4 Nf5 17. Rfe1 Nxd4 18. Nxd4 Nc5 19. Bf3 Bxa2 20. b3
Nxb3 21. Nxb3 Bxb3 22. Rxd8+ Kxd8 23. Nd2 Bf7 24. Bxb7 Bd6 25. Bxa6 Re8 26.
Rxe8+ Bxe8 27. Nc4 Bc5 28. g3 Kd7 29. Kf1 Kc6 30. Ke2 g5 31. Ne3 Bf7 32. Bd3 h4
33. Bf5 Kd6 34. gxh4 Ke5 35. Bd7 gxh4 36. Ng4+ Kf4 37. Nxf6 Bc4+ 38. Ke1 Bd6
39. Ng4 Ke4 40. Ne3 Kd3 41. Nxc4 Kxc4 42. Kd2 Bf4+ 43. Kc2 Bxh2 44. Be6+ Kc5
45. Kd3 Bf4 46. c4 c6 47. Bh3 Bd6 48. Bf1 Be5 49. Ke4 Ba1 50. Kf5 Bd4 51. f4
Be3 52. Ke5 Bd2 53. f5 h3 54. Bxh3 Kxc4 1/2-1/2

[Event "Thursday Afternoon Rapid Engine Fini To"]
[Site "?"]
[Date "2014.10.23"]
[Round "4"]
[White "ocirema"]
[Black "miguello"]
[Result "1-0"]
[WhiteElo "2522"]
[BlackElo "2432"]
[PlyCount "147"]
[EventDate "2014.??.??"]
[SourceTitle "OM Portal C 201906"]
[Source "Opening Master"]
[SourceDate "2019.06.27"]
[SourceVersion "1"]
[SourceVersionDate "2019.06.27"]
[SourceQuality "1"]

1. e4 e5 2. Nf3 Nc6 3. c3 Nf6 4. d4 Nxe4 5. Bd3 d5 6. Nxe5 Nxe5 7. dxe5 Bc5 8.
O-O Bf5 9. Qe2 O-O 10. Nd2 Qe7 11. Nb3 Bg6 12. Nxc5 Nxc5 13. Bxg6 hxg6 14. f4
Rad8 15. Be3 Ne4 16. Rad1 b6 17. c4 c6 18. cxd5 cxd5 19. Qg4 Rfe8 20. Rd4 Nc5
21. Rfd1 Qb7 22. R4d2 Ne4 23. Rd3 Qe7 24. h4 Qe6 25. Qxe6 fxe6 26. Ra3 Re7 27.
Rc1 Kf7 28. Kh2 Ke8 29. Rd3 Kd7 30. Rc4 Ke8 31. Rc2 Kd7 32. Rd1 Rc8 33. Rxc8
Kxc8 34. Rc1+ Rc7 35. Rxc7+ Kxc7 36. Kh3 Kc6 37. b3 Nc3 38. Kg4 Ne4 39. Bd4 Kd7
40. b4 Kc6 41. a4 Kd7 42. Kf3 Nd2+ 43. Ke3 Ne4 44. g4 Kc7 45. b5 Kd7 46. Ke2
Ng3+ 47. Kd3 Ne4 48. Be3 Ng3 49. Bf2 Ne4 50. Bg1 Kc7 51. a5 Ng3 52. axb6+ axb6
53. Be3 Ne4 54. f5 exf5 55. gxf5 gxf5 56. Kd4 Kd7 57. Kxd5 Nc3+ 58. Kc4 Na4 59.
Kb4 Nb2 60. Bd4 Nd3+ 61. Kc4 Ne1 62. Kd5 Nd3 63. e6+ Ke7 64. Bxb6 Nf4+ 65. Ke5
Nxe6 66. Kxf5 Kf7 67. Ke5 Nf8 68. Be3 Ke8 69. Kf5 Nh7 70. b6 Kd7 71. h5 Nf8 72.
Bc5 Ne6 73. b7 Nxc5 74. b8=Q 1-0

[Event "Wednesday Blitz Engine Fini Tour 4+2  R"]
[Site "?"]
[Date "2014.10.22"]
[Round "10"]
[White "ocirema"]
[Black "H0B0"]
[Result "1/2-1/2"]
[WhiteElo "2508"]
[BlackElo "2695"]
[PlyCount "104"]
[EventDate "2014.??.??"]
[SourceTitle "OM Portal C 201906"]
[Source "Opening Master"]
[SourceDate "2019.06.27"]
[SourceVersion "1"]
[SourceVersionDate "2019.06.27"]
[SourceQuality "1"]

1. e4 e5 2. Nf3 Nc6 3. c3 Nf6 4. d4 exd4 5. e5 Nd5 6. Bc4 Nb6 7. Bb3 d6 8. O-O
Be7 9. cxd4 O-O 10. exd6 Qxd6 11. Nc3 Bg4 12. h3 Bxf3 13. Qxf3 Nxd4 14. Qxb7
Qe5 15. Qe4 Qxe4 16. Nxe4 Nxb3 17. axb3 Nd5 18. Bd2 Rfb8 19. Ra5 c6 20. Rc1 Rb6
21. Rc4 h6 22. Kf1 Re8 23. g4 Rxb3 24. Bc3 Rb7 25. Kg2 Bb4 26. Rxb4 Nxb4 27.
Nd6 Ree7 28. Nxb7 Rxb7 29. Kf3 Nd3 30. Ra2 Rb3 31. Ra3 Ne5+ 32. Ke4 Rxa3 33.
bxa3 Nd7 34. f4 g6 35. f5 Kf8 36. Bb4+ Ke8 37. a4 Kd8 38. fxg6 fxg6 39. Bd2 Ke7
40. Bxh6 Nc5+ 41. Ke5 Nxa4 42. Be3 a5 43. h4 Kf7 44. Kd6 Nc3 45. Kxc6 a4 46.
Bd4 Ne4 47. Kb5 a3 48. Ka4 a2 49. Ka3 g5 50. hxg5 Kg6 51. Kxa2 Kxg5 52. Be3+
Kxg4 1/2-1/2

[Event "Wednesday Blitz Engine Fini Tour 4+2  R"]
[Site "?"]
[Date "2014.10.22"]
[Round "3"]
[White "ocirema"]
[Black "RANOMI_______________2003"]
[Result "1/2-1/2"]
[WhiteElo "2482"]
[BlackElo "2383"]
[PlyCount "50"]
[EventDate "2014.??.??"]
[SourceTitle "OM Portal C 201906"]
[Source "Opening Master"]
[SourceDate "2019.06.27"]
[SourceVersion "1"]
[SourceVersionDate "2019.06.27"]
[SourceQuality "1"]

1. e4 e5 2. Nf3 Nc6 3. c3 Nf6 4. d4 exd4 5. e5 Nd5 6. cxd4 d6 7. Bc4 Be6 8. O-O
dxe5 9. Nxe5 Nxe5 10. dxe5 c6 11. Qb3 b5 12. Bxd5 Qxd5 13. Qg3 Qe4 14. Be3 h5
15. Nd2 Qg4 16. Nb3 Qxg3 17. hxg3 a6 18. Rac1 Rc8 19. Nd4 Bd7 20. Rfd1 h4 21.
gxh4 Rxh4 22. Nb3 Be6 23. Nd4 Bd7 24. Nb3 Be6 25. Nd4 Bd7 1/2-1/2

[Event "Wed Night Fini Masters Warm-up Tour 9Rd"]
[Site "?"]
[Date "2014.10.22"]
[Round "2"]
[White "ocirema"]
[Black "DON007"]
[Result "1/2-1/2"]
[WhiteElo "2508"]
[BlackElo "2574"]
[PlyCount "138"]
[EventDate "2014.??.??"]
[SourceTitle "OM Portal C 201906"]
[Source "Opening Master"]
[SourceDate "2019.06.27"]
[SourceVersion "1"]
[SourceVersionDate "2019.06.27"]
[SourceQuality "1"]

1. e4 e5 2. Nf3 Nc6 3. c3 d5 4. Qa4 f6 5. d3 Be6 6. Be2 Nge7 7. O-O a6 8. Be3
Qd7 9. Nbd2 O-O-O 10. Nb3 Nb8 11. Qxd7+ Nxd7 12. Nfd2 Bf7 13. Rad1 h5 14. f3 h4
15. d4 exd4 16. Bxd4 Nc6 17. exd5 Bxd5 18. Bc4 Rh5 19. Bf2 Nb6 20. Bxb6 cxb6
21. Be2 Bd6 22. Nc4 Bc7 23. Ne3 Bf4 24. Nxd5 Rhxd5 25. Rxd5 Rxd5 26. Bc4 Rd6
27. Re1 Be5 28. Bf7 Na5 29. Kf1 Bxh2 30. Nxa5 bxa5 31. Re6 Kd7 32. Rxd6+ Kxd6
33. Bg6 a4 34. Be4 b6 35. Bd3 b5 36. Ke2 Bf4 37. Kd1 Be3 38. Be4 g5 39. Bb7 a5
40. Be4 b4 41. cxb4 axb4 42. Bc2 Bd4 43. Bxa4 Bxb2 44. f4 g4 45. Bc2 Ke6 46.
Bd3 Bd4 47. Ke2 Bc5 48. Bc2 Bd6 49. Ke3 f5 50. Bb3+ Ke7 51. Ba4 Kf6 52. Be8
Bc5+ 53. Ke2 Bg1 54. Ba4 Bd4 55. Bb5 Bc3 56. Ke3 Bb2 57. Kf2 Kg6 58. Be8+ Kh6
59. Bd7 Bd4+ 60. Ke2 Kg6 61. Be8+ Kg7 62. Bd7 b3 63. axb3 Kf6 64. b4 Bb6 65. b5
h3 66. gxh3 gxh3 67. Kf3 h2 68. Kg2 Be3 69. Kxh2 Bxf4+ 1/2-1/2

[Event "Wednesday Blitz Engine Fini Tour 4+2  R"]
[Site "?"]
[Date "2014.10.22"]
[Round "1"]
[White "ocirema"]
[Black "DracoDaatson"]
[Result "1/2-1/2"]
[WhiteElo "2478"]
[BlackElo "2578"]
[PlyCount "280"]
[EventDate "2014.??.??"]
[SourceTitle "OM Portal C 201906"]
[Source "Opening Master"]
[SourceDate "2019.06.27"]
[SourceVersion "1"]
[SourceVersionDate "2019.06.27"]
[SourceQuality "1"]

1. e4 e5 2. Nf3 Nc6 3. c3 Nf6 4. d4 Nxe4 5. Bd3 d5 6. Nxe5 Nxe5 7. dxe5 Bc5 8.
O-O Bf5 9. Qe2 O-O 10. Nd2 Qe7 11. Nb3 Bg6 12. Nxc5 Nxc5 13. Bxg6 hxg6 14. b3
Ne6 15. f4 Qc5+ 16. Qe3 Rfd8 17. Qxc5 Nxc5 18. Rd1 f6 19. Be3 Ne4 20. Rd3 fxe5
21. fxe5 Kf7 22. Rad1 c6 23. c4 Ke6 24. h3 a6 25. Bb6 Rd7 26. Re1 g5 27. g4 Re8
28. a4 Rf7 29. b4 Kxe5 30. a5 Ke6 31. Kg2 Ref8 32. Bc5 Rh8 33. Bd4 Ra8 34.
cxd5+ cxd5 35. Rc1 Re8 36. Rc2 Ree7 37. Bb6 Rd7 38. Rc8 Rfe7 39. Rf3 Nd6 40.
Rc2 Rf7 41. Re3+ Ne4 42. Rd3 Rf4 43. Be3 Rf8 44. Bd4 Rdd8 45. Re2 Rc8 46. Bc5
Rf4 47. Re1 Rf6 48. Kg1 Rf7 49. Kg2 Rf4 50. Re2 Rc7 51. Re1 Rff7 52. Re2 Rc6
53. Rd1 Rf4 54. Rd3 Rf6 55. Bd4 Rf7 56. Bc5 Rcc7 57. Rd1 Rf6 58. Ree1 Rc8 59.
Rd3 Rf7 60. Re2 Ke5 61. Re1 Rc6 62. Red1 Rd7 63. Re1 Rdc7 64. Rdd1 Rf7 65. Rd3
Rcc7 66. Kg1 Rf4 67. Kg2 Rc6 68. Rdd1 Rc8 69. Re2 Rf7 70. Ree1 Rcc7 71. Rd3 Rc8
72. Rdd1 Rfc7 73. Rd2 Ke6 74. Ree2 Rh8 75. Rd3 Rh6 76. Re1 Rg6 77. Rd4 Rc6 78.
Rdd1 Rf6 79. Rd3 g6 80. Rdd1 Rc7 81. Rd3 Rff7 82. Rb3 Rf4 83. Re2 Kd7 84. Rd3
Ke6 85. Rb3 Rc6 86. Ba7 Rf7 87. Bc5 Rc8 88. Rd3 Rd7 89. Re1 Re8 90. Bb6 Rd6 91.
Rf3 Rc6 92. Bc5 Rcc8 93. Rff1 Red8 94. Rf3 Rc6 95. Rd3 Rdc8 96. Rf3 Rg8 97. Re2
Rh8 98. Bd4 Rh7 99. Bc5 Rcc7 100. Rd3 Rc8 101. Rd1 Re8 102. Rd3 Reh8 103. Re1
Rf7 104. Bd4 Rc8 105. Bc5 Rc6 106. Re2 Rcc7 107. Rd1 Rfd7 108. Rf1 Rc8 109. Rf3
Rdc7 110. Rd3 Rg8 111. Rf3 Rc6 112. Rd3 Ra8 113. Rf3 Rc7 114. Re1 Rd8 115. Rd3
Rh8 116. Rdd1 Rcc8 117. Rd3 Rh7 118. Rdd1 Rhc7 119. Re2 Rc6 120. Rd3 Rh8 121.
Bd4 Rd8 122. Bb6 Rd7 123. Bc5 Rcc7 124. Re1 Rc8 125. Rde3 Rc6 126. Rd1 Rdc7
127. Ra1 Ke5 128. Re2 Rxc5 129. bxc5 Rxc5 130. Rb2 Rb5 131. Rxb5 axb5 132. Rb1
Nc3 133. Rf1 d4 134. Rf7 d3 135. Rd7 Ke4 136. Kf2 b4 137. Re7+ Kd4 138. Rd7+
Ke4 139. Re7+ Kd4 140. Rd7+ Ke4 1/2-1/2

[Event "Hradec Kralove op"]
[Site "Hradec Kralove"]
[Date "2014.10.21"]
[Round "5"]
[White "Woloch, Oskar"]
[Black "Langr, Jiri"]
[Result "1-0"]
[WhiteElo "1915"]
[BlackElo "1685"]
[PlyCount "61"]
[EventDate "2014.10.18"]
[EventType "swiss"]
[EventRounds "9"]
[EventCountry "CZE"]
[SourceTitle "EXT 2015"]
[Source "ChessBase"]
[SourceDate "2014.11.20"]
[SourceVersion "1"]
[SourceVersionDate "2014.11.20"]
[SourceQuality "1"]

1. e4 e5 2. Nf3 Nc6 3. c3 Nf6 4. d4 exd4 5. e5 Nd5 6. cxd4 Be7 7. Nc3 Nxc3 8.
bxc3 d6 9. exd6 Qxd6 10. Be2 O-O 11. O-O Bf6 12. h3 Bf5 13. Bd3 Bxd3 14. Qxd3
h6 15. a4 Rfe8 16. Be3 b6 17. Nd2 Qd7 18. Nc4 Rad8 19. Bf4 Ne7 20. Be5 Nd5 21.
f4 Bh4 22. f5 Bg5 23. Qg3 f6 24. h4 fxe5 25. hxg5 Nf4 26. Rae1 hxg5 27. Qxg5
Qxa4 28. Nxe5 Nd5 29. f6 Nxf6 30. Rxf6 c5 31. Rf7 1-0

[Event "American Continental 10th"]
[Site "Praia da Pipa"]
[Date "2014.10.21"]
[Round "5"]
[White "Born, Ary"]
[Black "De Macedo, Luiz Soares"]
[Result "0-1"]
[WhiteElo "1453"]
[BlackElo "1649"]
[PlyCount "74"]
[EventDate "2014.10.18"]
[EventType "swiss"]
[EventRounds "11"]
[EventCountry "BRA"]
[SourceTitle "EXT 2015"]
[Source "ChessBase"]
[SourceDate "2014.11.20"]
[SourceVersion "1"]
[SourceVersionDate "2014.11.20"]
[SourceQuality "1"]

1. e4 e5 2. Nf3 Nc6 3. c3 Nf6 4. d4 d6 5. d5 Nb8 6. h3 Be7 7. Be3 Nbd7 8. Nbd2
O-O 9. Be2 Ne8 10. Nf1 a5 11. Qd2 b6 12. a3 Nef6 13. Ng3 Bb7 14. c4 c5 15. Nf5
Nxe4 16. Nxe7+ Qxe7 17. Qc2 f5 18. Bd3 Ndf6 19. Ng5 f4 20. Bc1 Nxg5 21. h4 Nf7
22. Bf5 Bc8 23. Be6 Bxe6 24. dxe6 Nd8 25. b3 Nxe6 26. Bb2 Nd4 27. Qd3 e4 28.
Qh3 Nc2+ 29. Kd1 Nxa1 30. Bxa1 Qd7 31. Qc3 Rad8 32. h5 d5 33. Ke1 d4 34. Qd2 e3
35. Qb2 Ne4 36. h6 Nxf2 37. Rh5 Nd3+ 0-1

[Event "Berlin Lichtenrade op 10th"]
[Site "Berlin"]
[Date "2014.10.21"]
[Round "4"]
[White "Muskewitz, Bernd"]
[Black "Krefenstein, Sergej"]
[Result "0-1"]
[WhiteElo "1963"]
[BlackElo "2102"]
[PlyCount "24"]
[EventDate "2014.10.18"]
[EventType "swiss"]
[EventRounds "9"]
[EventCountry "GER"]
[SourceTitle "EXT 2015"]
[Source "ChessBase"]
[SourceDate "2014.11.20"]
[SourceVersion "1"]
[SourceVersionDate "2014.11.20"]
[SourceQuality "1"]

1. e4 e5 2. Nf3 Nc6 3. c3 d5 4. Qa4 f6 5. d3 Be6 6. Be2 Bd6 7. Be3 Nge7 8. Nbd2
O-O 9. O-O Qd7 10. exd5 Nxd5 11. Nc4 Be7 12. Rad1 Nd4 0-1

[Event "Sunday Afternoon Blitz Engine Fini Tour"]
[Site "?"]
[Date "2014.10.19"]
[Round "14"]
[White "ocirema"]
[Black "cindy"]
[Result "1/2-1/2"]
[WhiteElo "2503"]
[BlackElo "2571"]
[PlyCount "129"]
[EventDate "2014.??.??"]
[SourceTitle "OM Portal C 201906"]
[Source "Opening Master"]
[SourceDate "2019.06.27"]
[SourceVersion "1"]
[SourceVersionDate "2019.06.27"]
[SourceQuality "1"]

1. e4 e5 2. Nf3 Nc6 3. c3 d5 4. Qa4 f6 5. d3 Be6 6. Be2 Bd6 7. exd5 Bxd5 8. d4
exd4 9. cxd4 Nge7 10. Nc3 Bf7 11. O-O O-O 12. a3 Nf5 13. Rd1 a6 14. Bd3 Qc8 15.
Qc2 g6 16. Be2 Nce7 17. d5 g5 18. g4 Nh6 19. h3 Qd7 20. Ne4 Bxd5 21. Bc4 c6 22.
Bd2 Bxc4 23. Qxc4+ Nd5 24. Nxd6 Qxd6 25. Bb4 Qf4 26. Qxf4 Nxf4 27. Bxf8 Nxh3+
28. Kh2 Nxg4+ 29. Kxh3 Nxf2+ 30. Kg3 Nxd1 31. Be7 Nxb2 32. Bxf6 Nc4 33. Nxg5 h6
34. Ne4 Kf7 35. Bc3 Rg8+ 36. Kh4 b6 37. Rf1+ Ke7 38. Re1 Kd8 39. Rc1 Kc8 40.
Bd4 b5 41. Rf1 Rd8 42. Bg1 Nxa3 43. Nc5 Nc4 44. Nxa6 Ne5 45. Nc5 Rd5 46. Rf8+
Kc7 47. Kg3 h5 48. Rh8 Nf7 49. Rh7 Rf5 50. Ne4 Kd8 51. Rg7 b4 52. Bc5 b3 53.
Bd4 Ke7 54. Nd2 Rd5 55. Nxb3 c5 56. Bxc5+ Kf6 57. Bd4+ Rxd4 58. Nxd4 Kxg7 59.
Nf5+ Kf6 60. Nd4 Ne5 61. Kg2 Ng6 62. Kg3 h4+ 63. Kg4 h3 64. Nf3 h2 65. Nxh2
1/2-1/2

[Event "Sunday Afternoon Blitz Engine Fini Tour"]
[Site "?"]
[Date "2014.10.19"]
[Round "9"]
[White "ocirema"]
[Black "DON007"]
[Result "1/2-1/2"]
[WhiteElo "2499"]
[BlackElo "2652"]
[PlyCount "154"]
[EventDate "2014.??.??"]
[SourceTitle "OM Portal C 201906"]
[Source "Opening Master"]
[SourceDate "2019.06.27"]
[SourceVersion "1"]
[SourceVersionDate "2019.06.27"]
[SourceQuality "1"]

1. e4 e5 2. Nf3 Nc6 3. c3 d5 4. Qa4 f6 5. d3 Be6 6. Be2 Nge7 7. O-O g5 8. Be3
Bg7 9. Nbd2 O-O 10. h3 Qd7 11. Bd1 h5 12. Bb3 a6 13. exd5 Nxd5 14. Ne4 b6 15.
Ng3 Rf7 16. Qe4 h4 17. Nh5 f5 18. Qa4 b5 19. Qa3 Nxe3 20. fxe3 Bf8 21. Nxg5
Bxa3 22. Bxe6 Qxe6 23. Nxe6 Bxb2 24. Rab1 Bxc3 25. Rbc1 b4 26. g4 Ne7 27. Kh2
c5 28. Nxc5 f4 29. exf4 exf4 30. Kg2 Nd5 31. Kf3 Bd2 32. Rb1 Be3 33. Ne4 a5 34.
Nd6 Rc7 35. Nc4 Rc5 36. a3 Rb5 37. axb4 axb4 38. Nd6 Rbb8 39. Rb3 Kh7 40. Nf5
Ra3 41. Rfb1 Ra2 42. d4 Rc2 43. Ke4 Nc3+ 44. Rxc3 Rxc3 45. Nf6+ Kg6 46. Nd7 Rb7
47. Nc5 Rb5 48. Nd7 Rc1 49. Rb3 Kh7 50. Nd6 Rc3 51. Rb1 Ra5 52. Rxb4 Bd2 53.
Nc4 Re3+ 54. Nxe3 fxe3 55. Rb7 e2 56. Ne5+ Kg8 57. Rb8+ Kg7 58. Rb7+ Kf8 59.
Rb8+ Ke7 60. Rb7+ Kd8 61. Nd3 Ra1 62. Rb2 e1=Q+ 63. Nxe1 Rxe1+ 64. Kf5 Be3 65.
g5 Ke7 66. Kg6 Rg1 67. Rb5 Bxd4 68. Rb4 Bf2 69. Re4+ Kd7 70. Kf5 Be1 71. Rg4
Rf1+ 72. Rf4 Rxf4+ 73. Kxf4 Bd2+ 74. Kg4 Bc1 75. Kxh4 Bb2 76. g6 Ba1 77. g7
Bxg7 1/2-1/2

[Event "Barnaul Altay-ch"]
[Site "Barnaul"]
[Date "2014.10.19"]
[Round "9"]
[White "Yatsenko, Leonid"]
[Black "Avdoshkin, Sergey"]
[Result "1-0"]
[WhiteElo "2075"]
[BlackElo "1878"]
[PlyCount "57"]
[EventDate "2014.10.11"]
[EventType "swiss"]
[EventRounds "9"]
[EventCountry "RUS"]
[SourceTitle "EXT 2015"]
[Source "ChessBase"]
[SourceDate "2014.11.20"]
[SourceVersion "1"]
[SourceVersionDate "2014.11.20"]
[SourceQuality "1"]

1. e4 e5 2. Nf3 Nc6 3. c3 Be7 4. d4 d6 5. Bb5 Bd7 6. O-O exd4 7. cxd4 a6 8. Ba4
b5 9. Bb3 Nf6 10. e5 dxe5 11. dxe5 Ng4 12. Qe2 O-O 13. h3 Nh6 14. Bxh6 gxh6 15.
Qe4 Kg7 16. Nc3 Qe8 17. Nd5 Rc8 18. Rfe1 Nd8 19. Bc2 Rh8 20. Nf6 Bxf6 21. exf6+
Kf8 22. Qb4+ c5 23. Rxe8+ Kxe8 24. Qd2 Ne6 25. Qd6 Kd8 26. Rd1 Nf8 27. Bf5 Rc7
28. Ne5 Ne6 29. Bxe6 1-0

[Event "SVK-chT1W 1415"]
[Site "Slovakia"]
[Date "2014.10.19"]
[Round "2.2"]
[White "Chovanec, Milan"]
[Black "Lukac, Roman"]
[Result "1/2-1/2"]
[WhiteElo "2143"]
[BlackElo "2092"]
[PlyCount "82"]
[EventDate "2014.10.18"]
[EventType "team-tourn"]
[EventRounds "11"]
[EventCountry "SVK"]
[SourceTitle "EXT 2016"]
[Source "ChessBase"]
[SourceDate "2015.10.10"]
[SourceVersion "1"]
[SourceVersionDate "2015.10.10"]
[SourceQuality "1"]

1. e4 e5 2. Nf3 Nc6 3. c3 d6 4. d4 Be7 5. Bb5 Bd7 6. d5 Nb8 7. Bxd7+ Nxd7 8. c4
Ngf6 9. Nc3 O-O 10. O-O Nc5 11. Re1 a5 12. b3 Qd7 13. Bg5 Kh8 14. a3 Ng8 15. b4
axb4 16. axb4 Rxa1 17. Qxa1 Nd3 18. Bxe7 Nxe7 19. Rb1 Nf4 20. Ne1 f5 21. Qa2 h6
22. f3 fxe4 23. Nxe4 Nf5 24. Rb2 Nd4 25. Rd2 Qf7 26. Rf2 b5 27. cxb5 Qxd5 28.
b6 Qb7 29. bxc7 Qxc7 30. Qb1 Qb6 31. Kh1 Rb8 32. Rb2 Nde2 33. Nc2 d5 34. Nc5
Qg6 35. Ne3 Qg5 36. g3 Qh5 37. gxf4 Qxf3+ 38. Ng2 Nxf4 39. Qg1 Nh3 40. Qe1 e4
41. Rb3 Nf2+ 1/2-1/2

[Event "Landesliga Sued 1415"]
[Site "Bayern"]
[Date "2014.10.19"]
[Round "1.1"]
[White "Schmidt, Georg"]
[Black "Bayer, Bernhard"]
[Result "0-1"]
[WhiteElo "2269"]
[BlackElo "2383"]
[PlyCount "58"]
[EventDate "2014.10.19"]
[EventType "team-tourn"]
[EventRounds "9"]
[EventCountry "GER"]
[SourceTitle "OM OTB B 201907"]
[Source "Opening Master"]
[SourceDate "2019.07.06"]
[SourceVersion "2"]
[SourceVersionDate "2019.07.06"]
[SourceQuality "1"]
[WhiteTeam "Unterhaching"]
[BlackTeam "Weilheim"]
[WhiteTeamCountry "GER"]
[BlackTeamCountry "GER"]

1. e4 e5 2. Nf3 Nc6 3. c3 Nf6 4. d4 Nxe4 5. d5 Nb8 6. Qe2 Nf6 7. Qxe5+ Be7 8.
Bd3 d6 9. Qd4 c5 10. dxc6 bxc6 11. O-O Nbd7 12. Bc2 Nc5 13. Re1 O-O 14. Nbd2
Ne6 15. Qe3 d5 16. Ne5 Qc7 17. Ndf3 c5 18. Qd3 c4 19. Qe2 Bd6 20. h3 Rb8 21. b3
cxb3 22. axb3 Nc5 23. Qd1 Nce4 24. Ng4 Bxg4 25. hxg4 Bc5 26. Be3 Bxe3 27. Rxe3
Nxg4 28. Re1 Ngxf2 29. Qxd5 Nh3+ 0-1

[Event "Saturday Afternoon Rapid Engine Fini To"]
[Site "?"]
[Date "2014.10.18"]
[Round "10"]
[White "ocirema"]
[Black "Murx"]
[Result "0-1"]
[WhiteElo "2536"]
[BlackElo "2543"]
[PlyCount "170"]
[EventDate "2014.??.??"]
[SourceTitle "OM Portal C 201906"]
[Source "Opening Master"]
[SourceDate "2019.06.27"]
[SourceVersion "1"]
[SourceVersionDate "2019.06.27"]
[SourceQuality "1"]

1. e4 e5 2. Nf3 Nc6 3. c3 d5 4. Qa4 f6 5. d3 Be6 6. Be2 Nge7 7. O-O a6 8. Rd1
d4 9. cxd4 exd4 10. a3 Ng6 11. b4 Bd6 12. Qc2 O-O 13. g3 Nge5 14. Nbd2 Qd7 15.
Bb2 Be7 16. Rdc1 Nxf3+ 17. Bxf3 g5 18. Nb3 Kh8 19. Be2 Rad8 20. Nc5 Bxc5 21.
Qxc5 Rf7 22. f3 Ne5 23. Qc2 Bh3 24. Kh1 Qe6 25. Qd2 h6 26. f4 gxf4 27. Qxf4 Kh7
28. Rc2 Ng6 29. Qf3 f5 30. exf5 Rxf5 31. Qxb7 Rf2 32. Rac1 Qf7 33. Rxc7 Rd7 34.
Rxd7 Bxd7 35. Bxd4 Rxe2 36. Kg1 Ne5 37. Rf1 Qe6 38. Bxe5 Rxe5 39. d4 Re2 40.
Qf3 Kg6 41. d5 Qe3+ 42. Qxe3 Rxe3 43. Ra1 Rd3 44. Kf2 Kf5 45. Ra2 Ke4 46. a4
Rxd5 47. Re2+ Kf5 48. Ra2 h5 49. Ke3 Ke5 50. Ra3 Rd4 51. b5 axb5 52. axb5 Bxb5
53. Ra5 Rd3+ 54. Kf2 Rd2+ 55. Kf3 Rb2 56. Ke3 Rb3+ 57. Kf2 Ke4 58. Ra2 Bc4 59.
Rc2 Bd5 60. Rd2 Ke5 61. Kg1 Ra3 62. Rd1 Ra2 63. Re1+ Be4 64. Re3 Kd4 65. Rb3
Bd5 66. Rb1 Rg2+ 67. Kf1 Rxh2 68. Rd1+ Ke5 69. Re1+ Kf5 70. Re7 Kg4 71. Rd7 Bf3
72. Rg7+ Kh3 73. g4 Bxg4 74. Ke1 Kg3 75. Rg5 h4 76. Ra5 Re2+ 77. Kd1 h3 78. Ra6
h2 79. Rh6 Re6+ 80. Kc1 Rxh6 81. Kb2 h1=Q 82. Kc3 Qd5 83. Kb4 Rb6+ 84. Kc3 Rb3+
85. Kc2 Qd1# 0-1

[Event "Bucaramanga Udi Cup"]
[Site "Bucaramanga"]
[Date "2014.10.18"]
[Round "7"]
[White "Navas, Gildardo"]
[Black "Moreno Barajas, Diana Fernanda"]
[Result "0-1"]
[WhiteElo "1499"]
[BlackElo "1581"]
[PlyCount "62"]
[EventDate "2014.10.15"]
[EventType "swiss"]
[EventRounds "9"]
[EventCountry "COL"]
[SourceTitle "EXT 2015"]
[Source "ChessBase"]
[SourceDate "2014.11.20"]
[SourceVersion "1"]
[SourceVersionDate "2014.11.20"]
[SourceQuality "1"]

1. e4 e5 2. Nf3 Nc6 3. c3 Nf6 4. d3 h6 5. Be3 Be7 6. Nbd2 d6 7. Be2 O-O 8. O-O
Nh7 9. d4 Kh8 10. dxe5 Nxe5 11. Nxe5 dxe5 12. Nf3 Bd6 13. Qc2 Qe8 14. Rad1 f5
15. Rd2 f4 16. Bd4 exd4 17. Rxd4 Bg4 18. Nh4 Bxe2 19. Qxe2 Be5 20. Rd5 Bf6 21.
Nf3 Ng5 22. Nxg5 Bxg5 23. Rfd1 Rd8 24. f3 Rxd5 25. Rxd5 Qe7 26. Qd3 Rd8 27.
Rxd8+ Qxd8 28. Qe2 Be7 29. g3 Bc5+ 30. Kg2 Qg5 31. Qb5 Bd6 0-1

[Event "Saturday Afternoon Rapid Engine Fini To"]
[Site "?"]
[Date "2014.10.18"]
[Round "6"]
[White "ocirema"]
[Black "KRAKEN"]
[Result "1/2-1/2"]
[WhiteElo "2532"]
[BlackElo "2579"]
[PlyCount "76"]
[EventDate "2014.??.??"]
[SourceTitle "OM Portal C 201906"]
[Source "Opening Master"]
[SourceDate "2019.06.27"]
[SourceVersion "1"]
[SourceVersionDate "2019.06.27"]
[SourceQuality "1"]

1. e4 e5 2. Nf3 Nc6 3. c3 d5 4. Qa4 Nf6 5. Nxe5 Bd6 6. Nxc6 bxc6 7. d3 O-O 8.
Be2 Qe7 9. Nd2 Bg4 10. f3 Bd7 11. g3 Rfe8 12. Qc2 Bh3 13. Bf1 Qe6 14. Nb3 c5
15. Bg5 Bxf1 16. Rxf1 Nd7 17. O-O-O a5 18. Kb1 a4 19. Nd2 c4 20. Be3 cxd3 21.
Qxd3 Nf6 22. Bg5 dxe4 23. Nxe4 Nxe4 24. fxe4 Qxe4 25. Bf4 Qxd3+ 26. Rxd3 Re2
27. Rd2 Rxd2 28. Bxd2 Kf8 29. Bf4 Bxf4 30. Rxf4 Ke7 31. Kc2 g5 32. Rf5 f6 33.
a3 h5 34. h3 Ke6 35. Rc5 Kd6 36. Rf5 Ke6 37. Rc5 Kd6 38. Rf5 Ke6 1/2-1/2